000 00925nam a2200289 4500
003 EG-GICUC
005 20260205125716.0
008 260205s1887 fr ||||fr|||| 00| 0 fre d
040 _aEG-GiCUC
_bfre
_cEG-GiCUC
_dEG-GiCUC
_eRda
041 0 _afre
082 0 4 _221
_a341.8
_bVI . D
092 0 4 _221
099 _aLaw1 12 341.8 VI . D 1887
100 1 _aVincent, René
_eAuteur
245 1 0 _aDictionnaire de droit international privé /
_cRené Vincent, Édouard Pénaud
264 1 _aParis :
_bL. Larose et fOrcel,
_c1887.
300 _a951 page ;
_c 24 cm.
336 _2rda contenu
_a texte
337 _2rda medias
_aOrdinateur
338 _2 transporteur rda
_a Ressource en ligne
546 _aTexte en français
650 1 4 _aDroit international privé
700 1 _aPénaud, Édouard
_eCo-Auteur
856 4 0 _uhttps://fll.law.cu.edu.eg/fulltext/bks/B12-02300.pdf
905 _a30
942 _2ddc
_cBK
_e21
_n0
999 _c61252
_d61252